| 000 | 00661nam a2200229 a 4500 | ||
|---|---|---|---|
| 001 | BRCA_6720 | ||
| 005 | 20190320205550.0 | ||
| 008 | 191011s1908----gw-#######---#000-0#ger-# | ||
| 041 | _ager | ||
| 044 | _agw | ||
| 050 | 4 |
_aPQ2639 I5 _b.D5 1908 |
|
| 100 | 1 |
_aHackländer, Friedrich Wilhelm _d1816-1877 _916785 |
|
| 245 | 1 | 0 |
_aDer Pilgerzug nach Metta _cvon F. W. Hackländer. |
| 260 |
_aBerlín _bBuchverlag fürs Deutsche haus _c1908 |
||
| 300 |
_a304 _bil. _c18 cm. |
||
| 440 | 0 |
_aDie Bucher des Deutschen Hauses _v59 _916786 |
|
| 500 | _aCon firma de Franz Mayer | ||
| 500 | _aL39 | ||
| 650 | 1 | 4 |
_aLiteratura Alemana _96160 |
| 902 | _aGFM | ||
| 942 |
_2lcc _cB |
||
| 999 |
_c6403 _d6403 |
||